Les parcs nationaux de France. - Statistiques

Statistiques générales
  • Ce quiz a été pris 8 fois
  • Le résultat moyen est 6 sur 11
Statistiques - réponses
Régions Parc National % Correct
Provence-Alpes-Côtes d'Azur Parc national des Calanques
88%
Auvergne-Rhônes-Alpes Parc national de la Vanoise
75%
Provence-Alpes-Côtes d'Azur / Auvergne-Rhônes-Alpes Parc national des Ecrins
75%
La Réunion Parc national de la Réunion
63%
Occitanie / Auvergne-Rhônes-Alpes Parc national des Cévennes
63%
Occitanie / Nouvelle-Aquitaine Parc national des Pyrénées
63%
Provence-Alpes-Côte d'Azur Parc national de Port-Cros
50%
Provence-Alpes-Côtes d'Azur Parc national du Mercantour
50%
Bourgogne-Franche-Comté / Grand Est Parc national de forêts
38%
Guyane Parc amazonien de Guyane
25%
Guadeloupe Parc national de la Guadeloupe
25%
Aucun quiz correspondant
Distribution des résultats
% des personnes avec chaque résultat
Percentile par nombre de réponses
Votre historique - résultats
Vous n’avez pas pris ce quiz